000 00317 a2200097 4500
020 _a9789364879798
100 _aM.P. Mujeeb Rahman
245 _aDesabhavanayum Indian muslingalum(ദേശഭാവനയും ഇന്ത്യൻ മുസ്‌ലിങ്ങളും)
260 _bD C books
_c2025
942 _cOO
999 _c115289
_d115288